|
|
|
|
| LEADER |
00000cam a2200000 7i4500 |
| 001 |
0000001437 |
| 002 |
000001581 |
| 005 |
20021108.0 |
| 020 |
|
|
|a T000000221
|
| 090 |
0 |
0 |
|a 171.3
|b ROB
|
| 100 |
1 |
|
|a Robbins, Anthony
|
| 245 |
1 |
0 |
|a Program yourself for total success! [
|h sound recording] :
|b vibrant health and energy getting into action!
|c Anthony Robbins
|
| 260 |
|
|
|a California :
|b Robbins Research International ,
|c 1989
|
| 300 |
|
|
|a 2 sound cassettes (112 minutes)
|
| 490 |
0 |
|
|a Personal power!
|
| 650 |
0 |
0 |
|a Success
|x Self-realization
|x Success in business
|
| 999 |
|
|
|a 00042
|b KASET
|c KOLEKSI AUDIO VIDEO
|e PERPUSTAKAAN KOMUNITI PETALING JAYA
|